| 000 | 00444nam a22001697a 4500 | ||
|---|---|---|---|
| 999 |
_c524094 _d524094 |
||
| 003 | NUST | ||
| 038 | _awaseem | ||
| 082 |
_a891.49 _bKHA |
||
| 100 |
_aKhan, Hafiz _914918 |
||
| 245 |
_aWahindi Rot De Sham / _cHafiz Khan |
||
| 260 |
_aMultan : _bPakistan Sariki Writers, _c1990. |
||
| 300 | _a103 p. ; | ||
| 500 | _aHardcover. | ||
| 880 |
_6100-02\r _aحفیظ خان |
||
| 880 |
_6245-02\r _aویندی رُت دی شام / |
||
| 942 |
_2ddc _cBK |
||